| 000 | 03606nam a2200385 i 4500 | ||
|---|---|---|---|
| 001 | ebr10801888 | ||
| 003 | CaPaEBR | ||
| 006 | m o d | ||
| 007 | cr cn||||||||| | ||
| 008 | 110616t20122012njua ob 001 0 eng|d | ||
| 020 | _z9781556429538 (pbk.) | ||
| 020 | _a9781617117107 (e-book) | ||
| 040 |
_aCaPaEBR _beng _erda _epn _cCaPaEBR |
||
| 050 | 1 | 4 |
_aRC845 _b.S65 2012eb |
| 082 | 0 | 4 |
_a616.3/620076 _223 |
| 100 | 1 |
_aSpiegel, Brennan M. R., _d1972- |
|
| 245 | 1 | 0 |
_aAcing the hepatology questions on the GI board exam : _bthe ultimate crunch-time resource / _cBrennan Spiegel, Hetal A. Karsan. |
| 264 | 1 |
_aThorofare, New Jersey : _bSlack Inc., _c[2012] |
|
| 264 | 4 | _c�2012 | |
| 300 |
_a1 online resource (281 pages) : _billustrations (some color) |
||
| 336 |
_atext _2rdacontent |
||
| 337 |
_acomputer _2rdamedia |
||
| 338 |
_aonline resource _2rdacarrier |
||
| 504 | _aIncludes bibliographical references (pages 245-250) and index. | ||
| 520 | _a"Hepatology is an expanding field - it's hard to keep up. The liver has been sitting there the whole time, but the knowledge surrounding this perplexing organ is exploding; this makes it hard to prepare for board and recertification exams, where 1 in every 4 questions pertains to hepatology. Until now, there has been no single, slim, but high-yield volume that summarizes the hepatology you need to know for the boards. This book has it nailed. The authors have collected every pearl of wisdom, high-yield factlet, liver "board buzzword," hepatic micrograph, and classic liver imaging study they could muster, all while keeping the book a manageable size - because who has time for more than manageable when you're busy? The answer to your study questions (and study time!) can be found inside: Acing the Hepatology Questions on the GI Board Exam: The Ultimate Crunch-Time Resource. Traditional textbooks usually feature long and detailed discussions that are not directly related to Board and recertification exams. On the flip side, many Board review manuals provide lists and bullet points lacking sufficient background and context. Inside Acing the Hepatology Questions on the GI Board Exam, Drs. Brennan Spiegel and Hetal Karsan present time-tested and high-yield information in a rational, useful, and contextually appealing format. With its focus on pearl after pearl, emphasis on images, and attention to high-yield "tough stuff" vignettes you don't know the answers to (yet), Acing the Hepatology Questions on the GI Board Exam is truly the ultimate crunch-time resource for acing often vexing liver section of the examination, taking recertifying examinations, looking good on clerkship rounds, or for just challenging yourself with interesting and entertaining vignettes"--Provided by publisher. | ||
| 588 | _aDescription based on print version record. | ||
| 590 | _aElectronic reproduction. Palo Alto, Calif. : ebrary, 2013. Available via World Wide Web. Access may be limited to ebrary affiliated libraries. | ||
| 650 | 0 |
_aLiver _xDiseases _vExaminations, questions, etc. |
|
| 650 | 0 |
_aHepatology _vExaminations, questions, etc. |
|
| 655 | 0 | _aElectronic books. | |
| 700 | 1 |
_aKarsan, Hetal A., _d1971- |
|
| 776 | 0 | 8 |
_iPrint version: _aSpiegel, Brennan M. R. _tAcing the hepatology questions on the GI board exam : the ultimate crunch-time resource. _dThorofare, New Jersey : Slack Inc., [2012] _hxvii, 260 pages ; 26 cm _z9781556429538 _w(DNLM)101562771 _w(DLC)10801888 |
| 797 | 2 | _aebrary. | |
| 856 | 4 | 0 |
_uhttp://site.ebrary.com/lib/rucke/Doc?id=10801888 _zAn electronic book accessible through the World Wide Web; click to view |
| 999 |
_c144350 _d144350 |
||